00477cam a22002051 4500001001300000003000400013005001700017008004100034010001700075035002000092040001800112042001200130050002200142100001800164245001900182260002000201300001800221500001500239999001700254sa 68007899 DLC20260227112526.0881029s1967 xx 000 0 benr  asa 68007899  a(OCoLC)23577804 aDLCcMiUdDLC apremarc00aPK1730.19.A79bB41 aDas, Santosh.10aBepathumatī. a[n.p.]c[c1967] a67 p.c22 cm. aRomanized. c82089d82089